<?xml version="1.0" encoding="UTF-8"?>
<collection xmlns="http://www.loc.gov/MARC21/slim">
 <record>
  <leader>00853nam a22002411  4500</leader>
  <controlfield tag="001">1/15293</controlfield>
  <controlfield tag="008">000731s2000    enk                 eng d</controlfield>
  <datafield tag="020" ind1=" " ind2=" ">
   <subfield code="a">0130161764</subfield>
  </datafield>
  <datafield tag="035" ind1=" " ind2=" ">
   <subfield code="l">15787</subfield>
  </datafield>
  <datafield tag="040" ind1=" " ind2=" ">
   <subfield code="a">DLC</subfield>
   <subfield code="b">GR-PeUP</subfield>
  </datafield>
  <datafield tag="082" ind1="0" ind2="0">
   <subfield code="a">681.142 MA</subfield>
  </datafield>
  <datafield tag="100" ind1="1" ind2=" ">
   <subfield code="a">Mano, Morris M.,</subfield>
   <subfield code="d">1927-</subfield>
  </datafield>
  <datafield tag="245" ind1="1" ind2="0">
   <subfield code="a">Login and computer design fundamentals /</subfield>
   <subfield code="c">M. Morris Mano, Charles R. Kime</subfield>
  </datafield>
  <datafield tag="250" ind1=" " ind2=" ">
   <subfield code="a">2nd. ed.</subfield>
  </datafield>
  <datafield tag="260" ind1=" " ind2=" ">
   <subfield code="a">London :</subfield>
   <subfield code="b">Prentice Hall,</subfield>
   <subfield code="c">2000</subfield>
  </datafield>
  <datafield tag="300" ind1=" " ind2=" ">
   <subfield code="a">xvi, 652 p. :;</subfield>
   <subfield code="b">col., ill. ;</subfield>
   <subfield code="c">24 cm. +</subfield>
   <subfield code="e">2 computer laser disc (4 3/4 in.)</subfield>
  </datafield>
  <datafield tag="504" ind1=" " ind2=" ">
   <subfield code="a">Include bibliographical reference and index</subfield>
  </datafield>
  <datafield tag="650" ind1=" " ind2="4">
   <subfield code="a">Electronic digital computers</subfield>
   <subfield code="x">Circuits.</subfield>
  </datafield>
  <datafield tag="650" ind1=" " ind2="4">
   <subfield code="a">Logic circuits.</subfield>
  </datafield>
  <datafield tag="650" ind1=" " ind2="4">
   <subfield code="a">Logic design.</subfield>
  </datafield>
  <datafield tag="700" ind1="1" ind2=" ">
   <subfield code="a">Kime, Charles R.</subfield>
  </datafield>
  <datafield tag="852" ind1=" " ind2=" ">
   <subfield code="a">INST</subfield>
   <subfield code="b">UNIPILB</subfield>
   <subfield code="c">MAIN</subfield>
   <subfield code="e">20040709</subfield>
   <subfield code="h">681.142 MA</subfield>
   <subfield code="p">00133786</subfield>
   <subfield code="q">00133786</subfield>
   <subfield code="t">LOAN</subfield>
   <subfield code="y">0</subfield>
   <subfield code="4">1</subfield>
  </datafield>
  <datafield tag="856" ind1="4" ind2=" ">
   <subfield code="d">/webopac/covers/01/15787_0130161764.jpg</subfield>
  </datafield>
 </record>
</collection>
